Detalles MARC
| 000 -LIDER |
| fixed length control field |
01861nam a2200337 a 4500 |
| 001 - NÚMERO DE CONTROL |
| Identificador de número de control |
0000428 |
| 003 - IDENTIFICACDOR DE NÚMERO DE CONTROL |
| control field |
DO-SdBNP |
| 005 - DATE AND TIME OF LATEST TRANSACTION |
| control field |
20240829112154.0 |
| 007 - CAMPOS FIJOS DE DESCRIPCIÓN FÍSICA |
| fixed length control field |
0000428 |
| 008 - ELEMENTOS DE LONGITUD FIJA |
| fixed length control field |
091125s2011 sp a 000 0 spa d |
| 020 ## - ISBN |
| International Standard Book Number |
9789972209338 |
| 040 ## - FUENTE DE CATALOGACIÓN |
| Agencia que crea de manera original el registro |
BPMSU |
| Idioma de catalogación |
spa |
| Agencia que realiza la transcripción |
BPMSU |
| 082 #4 - NÚMERO DE CLASIFICACIÓN DECIMAL DE DEWEY |
| Classification number |
372.5 |
| Item number |
J93f 2011 |
| Edition number |
22 |
| 245 10 - MENCIÓN DE TITULO |
| Título |
Jugando con el Fomi / |
| Mención de responsabilidad |
dirección editorial, Diana E. Oliveros |
| 260 ## - PUBLICACIÓN, DISTRIBUCIÓN, ETC. (PIE DE IMPRENTA) |
| Lugar de publicación, distribución, etc |
Barcelona : |
| Nombre del editor, distribuidor, etc. |
Lexus Ediores, |
| Fecha de publicación, distribución, etc |
2011 |
| 300 ## - DESCRIPCIÓN FÍSICA |
| Extensión |
200 p. : |
| Otros detalles físicos |
il. ; |
| Dimensiones |
29 cm. |
| 520 ## - RESUMEN, ETC. |
| Nota de resumen, etc. |
Esta obra ofrece muchas ideas y trucos para desarrollar al máximo la imaginación. Páginas con técnicas que serán de gran ayuda al elaborar tus manualidades. Y novedosos diseños infantiles para toda ocasión, todo apoyado por bellas ilustraciones y fotografías que detallan paso a paso la creación de los trabajos. Incluye también las fotografías de los materiales que se han de usar para cada proyecto. Descubre de la manera más divertida las diversas manualidades que puedes realizar con este material. Una obra que te enseñará a elaborar bellos diseños con numerosas propuestas para toda ocasión, acompañadas de explicaciones claras y sencillas. ¿Sabías cuantos cosas puedes hacer con el Fomi?. Ideal para maestros y familias que se interesen en la creatividad con fomi. |
| 590 ## - NOTA LOCAL |
| Texto de la nota local |
Inventariado, 2024/VM |
| 650 #4 - ENCABEZAMIENTO DE MATERIA--TEMÁTICO |
| Término temático o nombre geográfico como elemento de entrada |
Educación Primaria |
| 650 #4 - ENCABEZAMIENTO DE MATERIA--TEMÁTICO |
| Término temático o nombre geográfico como elemento de entrada |
Trabajos manuales (Educación) |
| 650 #4 - ENCABEZAMIENTO DE MATERIA--TEMÁTICO |
| Término temático o nombre geográfico como elemento de entrada |
Enseñanza-Aprendizaje |
| 700 1# - ASIENTO SECUNDARIO -- NOMBRE PERSONAL |
| Nombre personal |
Oliveros, Diana E. |
| Mención de responsabilidad |
dirección editorial |
| 700 1# - ASIENTO SECUNDARIO -- NOMBRE PERSONAL |
| Nombre personal |
Ávila Arevalo, Lyda |
| Mención de responsabilidad |
ilustraciones |
| 700 1# - ASIENTO SECUNDARIO -- NOMBRE PERSONAL |
| Nombre personal |
Buitrago, Alberto |
| Mención de responsabilidad |
ilustraciones |
| 700 1# - ASIENTO SECUNDARIO -- NOMBRE PERSONAL |
| Nombre personal |
López, Ana María |
| Mención de responsabilidad |
ilustraciones |
| 700 1# - ASIENTO SECUNDARIO -- NOMBRE PERSONAL |
| Nombre personal |
Rodríguez, Andrés |
| Mención de responsabilidad |
ilustraciones |
| 700 1# - ASIENTO SECUNDARIO -- NOMBRE PERSONAL |
| Nombre personal |
Guzmán, Enriquez |
| Mención de responsabilidad |
fotografía |
| 710 2# - ASIENTO SECUNDARIO -- NOMBRE CORPORATIVO |
| Nombre corporativo o de jurisdicción |
Continente Editories |
| 910 ## - VALIDACIÓN |
| Validación |
VMateo V. Control de calidad. BPMSU |
| 942 ## - ADDED ENTRY ELEMENTS (KOHA) |
| Source of classification or shelving scheme |
Dewey Decimal Classification |
| Koha item type |
Libros |